Building Scotland Act 2003 (Record no. 77402)
[ view plain ]
| 000 -LEADER | |
|---|---|
| fixed length control field | 01214cab a2200217 4500 |
| 001 - CONTROL NUMBER | |
| control field | ##L134198 |
| 008 - FIXED-LENGTH DATA ELEMENTS--GENERAL INFORMATION | |
| fixed length control field | 060717n2006 000 0 eng u |
| 035 ## - SYSTEM CONTROL NUMBER | |
| System control number | (Sirsi) u134198 |
| 041 0# - LANGUAGE CODE | |
| Language code of text/sound track or separate title | eng |
| 100 1# - MAIN ENTRY--PERSONAL NAME | |
| Personal name | Walker, Douglas |
| 245 00 - TITLE STATEMENT | |
| Title | Building Scotland Act 2003 |
| Remainder of title | arrangements for the certification of structural design |
| 260 ## - PUBLICATION, DISTRIBUTION, ETC. | |
| Date of publication, distribution, etc. | 2006 |
| 490 #0 - SERIES STATEMENT | |
| Series statement | Construction Law Journal |
| Volume/sequential designation | 22(4) 2006, 207-216(10) |
| 520 ## - SUMMARY, ETC. | |
| Summary, etc. | Explains the new regulations which have changed the way in which a design may be certified for building regulation compliance in Scotland, and outlines the organisations set up to administer the new system. Sets out the details of the scheme, including the scope of certification and the roles and responsibilities of designers and certifiers, and discusses the risks and liabilities associated with the certification role, and methods of limiting liability. Also makes recommendations on how clients and their technical advisers should approach design certification in Scotland. |
| 590 ## - LOCAL NOTE (RLIN) | |
| Local note | IKA180706 |
| 650 24 - SUBJECT ADDED ENTRY--TOPICAL TERM | |
| Topical term or geographic name entry element | BUILDING (SCOTLAND) ACT 2003 |
| 650 24 - SUBJECT ADDED ENTRY--TOPICAL TERM | |
| Topical term or geographic name entry element | BUILDING (SCOTLAND) REGULATIONS 2004 |
| 651 #4 - SUBJECT ADDED ENTRY--GEOGRAPHIC NAME | |
| Geographic name | Scotland |
| Chronological subdivision | 1999- |
| 690 ## - LOCAL SUBJECT ADDED ENTRY--TOPICAL TERM (OCLC, RLIN) | |
| Topical term or geographic name as entry element | Building regulations |
| 9 (RLIN) | 6224 |
| 942 ## - ADDED ENTRY ELEMENTS (KOHA) | |
| Suppress in OPAC | 0 |
| Withdrawn status | Lost status | Source of classification or shelving scheme | Damaged status | Not for loan | Home library | Current library | Shelving location | Date acquired | Total Checkouts | Full call number | Barcode | Date last seen | Copy number | Price effective from | Koha item type |
|---|---|---|---|---|---|---|---|---|---|---|---|---|---|---|---|
| Dewey Decimal Classification | London | London | Journal article | 17/07/2006 | L134198 | 134198-1001 | 06/08/2019 | 1 | 06/08/2019 | Journal article |